Normal view
MARC view
- Omura, George
Entry Personal Name
001 - CONTROL NUMBER
- control field: 51943
003 - CONTROL NUMBER IDENTIFIER
- control field: NUST
005 - DATE AND TIME OF LATEST TRANSACTION
- control field: 20210324152244.0
008 - FIXED-LENGTH DATA ELEMENTS
- fixed length control field: 210324|| aca||aabn | a|a d
040 ## - CATALOGING SOURCE
- Original cataloging agency: NUST
- Transcribing agency: NUST
100 ## - HEADING--PERSONAL NAME
- Personal name: Omura, George
670 ## - SOURCE DATA FOUND
- Source citation: Work cat.: (NUST)31652: Omura, George., Mastering AutoCad 14 for mechanical engineers /, c1998.
